000 00527nam a22001817a 4500
003 DO-SdBNP
005 20220119070245.0
008 220119b1998 ||||| |||| 00| 0 spa d
040 _aDO-SdBNP
_bspa
_cBNPHU
082 _aF-xxx
110 _aDirección General Forestal
_980969
245 _aSin bosques no hay ríos, sin ríos no hay vida
260 _a[Santo Domingo ] :
_bDirección General Forestal,
_c1983
300 _a12 p. :
_bil. ;
_c23 cm
590 _aInventariado, 2022 / DG
910 _aD/G
942 _2ddc
_cLBS1
999 _c51189
_d51189